Logo BPK

Biblioteka

Politechniki Koszalińskiej

Ultrazvukovaja obrabotka / (Rekord nr 25809)

Szczegóły MARC
000 -ETYKIETA REKORDU
podpole kontrolne o stałej długości 00309nam a2200133 i 4500
001 - NUMER KONTROLNY REKORDU
pole kontrolne bg
040 ## - ŹRÓDŁO KATALOGOWANIA
Instytucja, która utworzyła rekord BPK
041 ## - KOD JĘZYKA
Kod języka tekstu pol
008 - POLE O STAŁEJ DŁUGOŚCI - DANE KONTROLNE
podpole kontrolne o stałej długości s pl f |000 0 pol
100 1# - NAZWA OSOBOWA
Nazwa osobowa VOLOSATOV, N. A.
245 #0 - TYTUŁ/ODPOWIEDZIALNOŚĆ
Tytuł Ultrazvukovaja obrabotka /
Pozostałe elementy strefy tytułu i oznaczenia odpowiedzialności N.A. Volosatov.
260 ## - STREFA ADRESU WYDAWNICZEGO
Miejsce wydania Leningrad,
Data publikacji, dystrybucji/powstania dokumentu 1973.
856 ## - LOKALIZACJA I DOSTĘP DO ELEKTRONICZNYCH DOKUMENTÓW ZDALNYCH
Link (URL) http://koha.tu.koszalin.pl/cgi-bin/koha/opac-detail.pl?biblionumber=25809
Tekst linku Katalog online BPK
942 ## - DODATKOWE ELEMENTY (KOHA)
Typ dokumentu Książka
Egzemplarze
Wycofany Status egzemplarza Uszkodzony Dostępność Lokalizacja stała Lokalizacja bieżąca Miejsce przechowywania Sygnatura Kod kreskowy Typ dokumentu Numer ubytku
      Dostępny Biblioteka Politechniki Koszalińskiej Biblioteka Politechniki Koszalińskiej Wypożyczalnia BG 16824 01737912 Książka  
  Egz. niedostępny   Niedostępny Biblioteka Politechniki Koszalińskiej Biblioteka Politechniki Koszalińskiej   16825 01737929 Książka 11639
© 2023 Biblioteka Politechniki Koszalińskiej :: KOHA